Basic Music Theory Training for Beginners - Minor Key Signatures - Statistics

General Stats
  • This quiz has been taken 30 times
  • The average score is 139 of 225
Answer Stats
Question Tile Select % Correct
B minor No
90%
B minor No
90%
B minor No
90%
B minor No
90%
B minor No
90%
B minor No
90%
B minor No
90%
B minor No
90%
B minor No
90%
B minor No
90%
B minor No
90%
B minor No
85%
B minor Yes
85%
B minor No
85%
B minor No
85%
F minor No
65%
F minor No
65%
F minor No
65%
F minor No
65%
F minor No
65%
F minor No
65%
F minor No
65%
F minor No
65%
F minor No
65%
F minor No
65%
F minor No
65%
F minor No
65%
G# minpr No
65%
G# minpr No
65%
G# minpr No
65%
G# minpr No
65%
G# minpr No
65%
G# minpr No
65%
G# minpr No
65%
G# minpr No
65%
G# minpr No
65%
G# minpr No
65%
G# minpr No
65%
G# minpr No
65%
B♭minor No
65%
B♭minor No
65%
B♭minor No
65%
B♭minor No
65%
B♭minor No
65%
B♭minor No
65%
B♭minor No
65%
B♭minor No
65%
B♭minor No
65%
B♭minor No
65%
B♭minor No
65%
B♭minor No
65%
A minor No
65%
A minor No
65%
A minor No
65%
A minor No
65%
A minor Yes
65%
A minor No
65%
A minor No
65%
A minor No
65%
A minor No
65%
A minor No
65%
A minor No
65%
A minor No
65%
A minor No
65%
A minor No
65%
A minor No
65%
F minor No
60%
F minor No
60%
G# minpr No
60%
G# minpr No
60%
B♭minor No
60%
B♭minor No
60%
F# minor No
60%
F# minor No
60%
F# minor No
60%
F# minor No
60%
F# minor No
60%
F# minor No
60%
F# minor No
60%
F# minor No
60%
F# minor No
60%
F# minor No
60%
F# minor No
60%
F# minor No
60%
F# minor No
60%
D minor No
60%
D minor No
60%
D minor No
60%
D minor No
60%
D minor No
60%
D minor No
60%
D minor No
60%
D minor No
60%
D minor No
60%
D minor No
60%
D minor No
60%
D minor No
60%
D minor Yes
60%
D minor No
60%
D minor No
60%
G minor Yes
60%
G minor No
60%
G minor No
60%
G minor No
60%
G minor No
60%
G minor No
60%
G minor No
60%
G minor No
60%
G minor No
60%
G minor No
60%
G minor No
60%
G minor No
60%
G minor No
60%
G minor No
60%
G minor No
60%
A# Minor No
60%
A# Minor No
60%
A# Minor No
60%
A# Minor No
60%
A# Minor No
60%
A# Minor No
60%
A# Minor No
60%
A# Minor No
60%
A# Minor No
60%
A# Minor No
60%
A# Minor No
60%
A# Minor No
60%
D# minor No
60%
D# minor No
60%
D# minor No
60%
D# minor No
60%
D# minor No
60%
D# minor No
60%
D# minor No
60%
D# minor No
60%
D# minor No
60%
D# minor No
60%
D# minor No
60%
D# minor No
60%
D# minor No
60%
D# minor No
60%
D# minor Yes
60%
A ♭ minor No
60%
A ♭ minor No
60%
A ♭ minor No
60%
A ♭ minor No
60%
A ♭ minor No
60%
A ♭ minor No
60%
A ♭ minor No
60%
A ♭ minor No
60%
A ♭ minor No
60%
A ♭ minor No
60%
A ♭ minor No
60%
A ♭ minor No
60%
A ♭ minor No
60%
E minor No
60%
E minor No
60%
E minor No
60%
E minor No
60%
E minor No
60%
E minor No
60%
E minor No
60%
E minor No
60%
E minor No
60%
E minor No
60%
E minor No
60%
E minor No
60%
E minor No
60%
C minor No
60%
C minor No
60%
C minor No
60%
C minor No
60%
C minor No
60%
C minor No
60%
C minor No
60%
C minor No
60%
C minor No
60%
C minor No
60%
C minor No
60%
F minor Yes
55%
G# minpr Yes
55%
B♭minor Yes
55%
F# minor No
55%
F# minor Yes
55%
A# Minor No
55%
A# Minor No
55%
A ♭ minor No
55%
A ♭ minor Yes
55%
E minor No
55%
E minor Yes
55%
C minor No
55%
C minor No
55%
C minor No
55%
E♭ minor No
55%
E♭ minor No
55%
E♭ minor No
55%
E♭ minor No
55%
E♭ minor No
55%
E♭ minor No
55%
E♭ minor No
55%
E♭ minor No
55%
E♭ minor No
55%
E♭ minor No
55%
E♭ minor No
55%
E♭ minor No
55%
C# minor No
55%
C# minor No
55%
C# minor No
55%
C# minor No
55%
C# minor No
55%
C# minor No
55%
C# minor No
55%
C# minor No
55%
C# minor No
55%
C# minor No
55%
C# minor No
55%
C# minor No
55%
C# minor No
55%
A# Minor Yes
50%
E♭ minor No
50%
E♭ minor Yes
50%
E♭ minor No
50%
C# minor No
50%
C# minor Yes
50%
C minor Yes
45%
No matching quizzes found
Score Distribution
Percent of People with Each Score
Percentile by Number Answered
Your Score History
You have not taken this quiz